Dictado musical (Record no. 186647)
[ view plain ]
| 000 -LEADER | |
|---|---|
| campo de control de longitud fija | 00909nam a22002291i 4500 |
| 001 - NÚMERO DE CONTROL | |
| campo de control | 186647 |
| 003 - IDENTIFICADOR DE NÚMERO DE CONTROL | |
| campo de control | SpMaBN |
| 005 - FECHA Y HORA DE LA ÚLTIMA TRANSACCIÓN | |
| campo de control | 20250812221204.0 |
| 008 - DATOS DE LONGITUD FIJA--INFORMACIÓN GENERAL | |
| campo de control de longitud fija | 161216s1943 sp g |||| | spa d |
| 100 1# - ENTRADA PRINCIPAL--NOMBRE DE PERSONA | |
| Nombre de persona | Riemann, Hugo. |
| 9 (RLIN) | 97092 |
| 245 10 - MENCIÓN DEL TÍTULO | |
| Título | Dictado musical |
| Resto del título | : (educación sistemática del oído) / |
| Mención de responsabilidad, etc. | Hugo Riemann ; traducido de la 7ª edición alemana por Roberto Gerhard. |
| 250 ## - MENCION DE EDICION | |
| Mención de edición | 2ª ed. |
| 260 ## - PUBLICACIÓN, DISTRIBUCIÓN, ETC. | |
| Lugar de publicación, distribución, etc. | Barcelona : |
| Nombre del editor, distribuidor, etc. | Labor, |
| Fecha de publicación, distribución, etc. | 1943 ( |
| Fabricante | Tall. Gràf. Ibero-Americanos) |
| 300 ## - DESCRIPCIÓN FÍSICA | |
| Extensión | 168 p., 1 h. pleg. en 4 : |
| Otras características físicas | música ; |
| Dimensiones | 19 cm. |
| 490 1# - MENCIÓN DE SERIE | |
| Mención de serie | Colección Labor ; |
| Designación de volumen o secuencia | 173. |
| Mención de serie | Sección V: Música |
| 594 ## - Nota al título y mención de responsabilidad | |
| Nota al título y mención de responsabilidad | Ej. de música de p. [85] al final. |
| 650 #7 - PUNTO DE ACCESO ADICIONAL DE MATERIA--TÉRMINO DE MATERIA | |
| Término de materia o nombre geográfico como elemento de entrada | Solfeo. |
| 9 (RLIN) | 136888 |
| 700 1# - ENTRADA AGREGADA--NOMBRE PERSONAL | |
| Nombre de persona | Gerhard, Robert. |
| 9 (RLIN) | 56444 |
| 830 00 - PUNTO DE ACCESO ADICIONAL DE SERIE-TÍTULO UNIFORME | |
| Título uniforme | Colección Labor. |
| Nombre de parte o sección de la obra | Música |
| Designación de volumen o secuencia | 173. |
| 9 (RLIN) | 188907 |
| 852 ## - LOCALIZACIÓN | |
| Ubicación | ES-MaACL |
| Número de control de estantería | L-30955 |
| Nota libre | - enc. cart. |
| -- | . - Biblioteca Jacinto Martínez Lacalle |
| Estatus retirado | Estado de pérdida | Estado de daño | No para préstamo | Biblioteca de origen | Biblioteca actual | Ubicación en estantería | Fecha de adquisición | Fuente de adquisición | Total de préstamos | Signatura topográfica completa | Código de barras | Visto por última vez | Precio de reemplazo | Tipo de ítem Koha |
|---|---|---|---|---|---|---|---|---|---|---|---|---|---|---|
| Biblioteca del Ateneo de Madrid | Biblioteca del Ateneo de Madrid | Depósito 2 | 16/12/2016 | L-30955 | 1196834 | 23/02/2023 | 23/02/2023 | Libro impreso |
